Historia de la civilización del Antiguo Egipto / (Record no. 120264)

MARC details
000 -LEADER
campo de control de longitud fija 01282nam a2200253 4500
001 - NÚMERO DE CONTROL
campo de control 120264
003 - IDENTIFICADOR DE NÚMERO DE CONTROL
campo de control ES-MaACL
005 - FECHA Y HORA DE LA ÚLTIMA TRANSACCIÓN
campo de control 20250829080803.0
007 - CAMPO FIJO DE DESCRIPCIÓN FÍSICA--INFORMACIÓN GENERAL
campo de control de longitud fija t|
008 - DATOS DE LONGITUD FIJA--INFORMACIÓN GENERAL
campo de control de longitud fija 070214s1971 sp r ||||1| spa d
100 1# - ENTRADA PRINCIPAL--NOMBRE DE PERSONA
Nombre de persona Pirenne, Jacques.
9 (RLIN) 92344
245 10 - MENCIÓN DEL TÍTULO
Título Historia de la civilización del Antiguo Egipto /
Mención de responsabilidad, etc. Jacques Pirenne ; con la colaboración artística de Arpag Mekhitarian ; [versión: Juan Maluquer de Motes].
250 ## - MENCION DE EDICION
Mención de edición 3ª ed.
260 ## - PUBLICACIÓN, DISTRIBUCIÓN, ETC.
Lugar de publicación, distribución, etc. Barcelona :
Nombre del editor, distribuidor, etc. Exito,
Fecha de publicación, distribución, etc. 1971.
300 ## - DESCRIPCIÓN FÍSICA
Extensión 3 v. ;
Dimensiones 27 cm.
505 8# - NOTA DE CONTENIDO CON FORMATO
Nota de contenido con formato Contiene: v. I: Primer ciclo : Desde los orígenes hasta el final del Imperio Antiguo (2200 a. C.) -- v. II: Segundo ciclo : De la caída del Imperio Antiguo al fin del Imperio Nuevo (2200 - 1085 a. C.) -- v. III: Tercer ciclo: De la XXI Dinastía a los Ptolomeos (1085 - 30 a. C.)
700 1# - ENTRADA AGREGADA--NOMBRE PERSONAL
Nombre de persona Mekhitarian, Arpag.
9 (RLIN) 79879
700 1# - ENTRADA AGREGADA--NOMBRE PERSONAL
Nombre de persona Maluquer de Motes, Joan,
Fechas asociadas al nombre 1915-1988
9 (RLIN) 75880
740 0# - ENTRADA AGREGADA--TÍTULO RELACIONADO/ANALÍTICO NO CONTROLADO
Título relacionado o analítico no controlado Primer ciclo: Desde los orígenes hasta el final del Imperio Antiguo (2200 a. C.)
740 0# - ENTRADA AGREGADA--TÍTULO RELACIONADO/ANALÍTICO NO CONTROLADO
Título relacionado o analítico no controlado Segundo ciclo : De la caída del Imperio Antiguo al fin del Imperio Nuevo (2200 - 1085 a. C.)
740 0# - ENTRADA AGREGADA--TÍTULO RELACIONADO/ANALÍTICO NO CONTROLADO
Título relacionado o analítico no controlado Tercer ciclo: De la XXI Dinastía a los Ptolomeos (1085 - 30 a. C.)
852 ## - LOCALIZACIÓN
Ubicación ES-MaACL
Número de control de estantería E-7672-74
Sublocalización o colección R.92172
Holdings
Estatus retirado Estado de pérdida Estado de daño No para préstamo Biblioteca de origen Biblioteca actual Ubicación en estantería Fecha de adquisición Fuente de adquisición Total de préstamos Signatura topográfica completa Código de barras Visto por última vez Precio de reemplazo Tipo de ítem Koha
        Biblioteca del Ateneo de Madrid Biblioteca del Ateneo de Madrid Depósito 2 17/01/2008     E-7672-74 1125353 23/02/2023 23/02/2023 Libro impreso